La parole de Dieu diffusée à l’aide des Techniques modernes par la Société Saint-Paul (Record n. 35071)

Dettagli MARC
000 -LEADER
fixed length control field 00954nam a2200229Ia 4500
003 - CONTROL NUMBER IDENTIFIER
control field IT-RoPau
005 - DATE AND TIME OF LATEST TRANSACTION
control field 20220918175904.0
008 - FIXED-LENGTH DATA ELEMENTS--GENERAL INFORMATION
fixed length control field 120407s9999 xx 000 0 und d
040 ## - CATALOGING SOURCE
Original cataloging agency IT-RoPAU
Transcribing agency 20130213092641.0
040 ## - CATALOGING SOURCE
Transcribing agency IT-RoPAU
041 ## - LANGUAGE CODE
Language code of text/sound track or separate title fra
100 ## - MAIN ENTRY--PERSONAL NAME
Personal name Gariel, Veronique
9 (RLIN) 420
245 ## - TITLE STATEMENT
Title La parole de Dieu diffusée à l’aide des Techniques modernes par la Société Saint-Paul
250 ## - EDITION STATEMENT
Edition statement I
260 ## - PUBLICATION, DISTRIBUTION, ETC. (IMPRINT)
Place of publication, distribution, etc. Nogent-s-Marne
Name of publisher, distributor, etc. PSSP
Date of publication, distribution, etc. 1956
300 ## - PHYSICAL DESCRIPTION
Extent 48 p.
Dimensions 24 cm
300 ## - PHYSICAL DESCRIPTION
Other physical details ill.
490 ## - SERIES STATEMENT
Volume/sequential designation I
520 ## - SUMMARY, ETC.
Summary, etc. Table des Matieres<br/><br/>Introduction : Fiat lux<br/> I. In principio erat Verbum<br/> II. Dum medium silentium<br/> III. In præsepio erat Verbum<br/> IV. Adjutorium simile sibi<br/> V. Factores Verbi...contra fabricatores errorum<br/> VI. Sicut scintillæ in arundineto<br/> VII. Ut cooperatores simus véritatis <br/>VIII. Nomen ejus : Verbum Dei<br/><br/>Conclusio : Surge, Illuminare, Jerusalem
942 ## - ADDED ENTRY ELEMENTS (KOHA)
Koha item type LIBRO
Source of classification or shelving scheme Dewey Decimal Classification
Dati di copia
Withdrawn status Lost status Source of classification or shelving scheme Damaged status Not for loan Home library Current library Date acquired Total Checkouts Full call number Date last seen Price effective from Koha item type Public note
    Dewey Decimal Classification Buone Condizioni Not For Loan PAULUS-BIBLIOTECA PAULUS-BIBLIOTECA 11/04/2012   P C2 11/04/2012 11/04/2012 LIBRO  
    Dewey Decimal Classification Buone Condizioni Not For Loan PAULUS-BIBLIOTECA PAULUS-BIBLIOTECA 11/04/2012   P C2 11/04/2012 11/04/2012 LIBRO Inserito da: Anna In data: 07 agosto 2011 fondo: Via A.Severo 56 Progr:20625
CREDITS: SOCIETA' SAN PAOLO Via A.Severo, 58 - ROMA (RM) & PERIODICI SAN PAOLO SRL Via Giotto, 36 MILANO & CISF Via Giotto, 36 MILANO & EDIZIONI SAN PAOLO SRL,  Piazza Soncino, 5 CINISELLO BALSAMO (MI) -- ITALY